000 00660nam a2200289Ia 4500
005 20260324143932.0
008 008 260324s9999 xx 000 0 eng d
020 _a9780429425738
037 _aEBOOK
040 _aCRL
040 _beng
040 _cCRL
041 _2eng
041 _aeng
084 _qCRL
100 _aVivian Nutton
_91217467
245 0 _aMedicine at the Courts of Europe
245 0 _b1500-1837
260 _bTaylor and Francis
260 _c1990
365 _a
365 _b205
856 _uhttp://www.taylorfrancis.com/books/9780429425738
942 _cEBOOK
999 _c1823465
_d1823465